Deterministické vyhodnotenie digitálnych snímok pasívnych detektorov žiarenia

Na minha lista:
Detalhes bibliográficos
Autor principal: Kornhauser, Matúš (Author)
Outros Autores: Čerba, Štefan (Thesis advisor)
Formato: Manuscrito Livro
Idioma:eslovaco
Publicado em: Bratislava : STU v Bratislave FEI, 2023
Assuntos:
Acesso em linha:https://opac.crzp.sk/?fn=detailBiblioFormChildAGTPP&sid=925BFB95FAA30F229E91CF019F0C&seo=CRZP-detail-kniha
Tags: Adicionar Tag
Sem tags, seja o primeiro a adicionar uma tag!

MARC

LEADER 00000ntm a22000003a 4500
001 stuzp91792
003 SK-STU
005 20241113121253.4
007 ta
008 150427s2015----xo-----f-mn---000-0-slo-d
040 |a STU  |b slo 
041 0 |a slo 
044 |a xo 
100 1 |a Kornhauser, Matúš  |u 036000  |4 aut  |U FEI Fakulta elektrotechniky a informatiky  |T FEI Ústav jadrového a fyzikálneho inžinierstva  |X 111312  |U E060  |Y 817  |7 111312 
242 0 1 |a Deterministic evaluation of digital images of passive radiation detectors  |y eng 
245 1 0 |a Deterministické vyhodnotenie digitálnych snímok pasívnych detektorov žiarenia 
260 |a Bratislava :  |b STU v Bratislave FEI,  |c 2023 
300 |a 55 s., príl. 
650 4 |a Pasívne detektory žiarenia  |2 slo 
650 4 |a OpenCV  |2 slo 
650 4 |a CR-39  |2 slo 
650 4 |a Python  |2 slo 
650 4 |a Passive radiation detectors  |2 eng 
650 4 |a OpenCV  |2 eng 
650 4 |a Python  |2 eng 
650 4 |a CR-39  |2 eng 
700 1 |a Čerba, Štefan  |u 036000  |k Z2  |4 ths  |U FEI Fakulta elektrotechniky a informatiky  |T FEI Ústav jadrového a fyzikálneho inžinierstva  |X 11462  |U E060  |Y 817  |7 A000011462 
856 4 |u https://opac.crzp.sk/?fn=detailBiblioFormChildAGTPP&sid=925BFB95FAA30F229E91CF019F0C&seo=CRZP-detail-kniha